000 00446 a2200169 4500
020 _a1576108287
040 _aDLC
_bDLC
082 0 0 _a005.4469
100 1 _aPritchard, Kara J.
245 1 0 _aRHCE Linux
_cKara J. Pritchard.
250 _a2nd ed.
260 _aNew Delhi:
_bDreamtech Press,
_c2000.
300 _axxix, 386 p. :
_bill. ;
_c23 cm.
440 0 _aExam cram
650 0 _aOperating systems (Computers)
942 _cBK
_k005.4469 PRI
_2ddc
999 _c6325
_d6325